书目信息 |
| 题名: |
闻出健康
|
|
| 作者: | 杭特 著 ;伍德 , 李怡萍 摄 | |
| 分册: | ||
| 出版信息: | 北京 中国画报出版社 2007.03 |
|
| 页数: | 136页 | |
| 开本: | 21cm | |
| 丛书名: | ||
| 单 册: | ||
| 中图分类: | TS976.4 | |
| 科图分类: | ||
| 主题词: | 住宅--zhu zhai--气味--关系--健康 | |
| 电子资源: | ||
| ISBN: | 978-7-80220-123-1 | |
| 000 | 00967nam0 2200253 450 | |
| 001 | 012007379827 | |
| 005 | 20070920173448.29 | |
| 010 | @a978-7-80220-123-1@dCNY27.00 | |
| 100 | @a20070818d2007 km y0chiy0120 ea | |
| 101 | 0 | @achi |
| 102 | @aCN@b110000 | |
| 105 | @aa z 000yy | |
| 200 | 1 | @a闻出健康@Awen chu jian kang@e打造天然家居香氛@f克莱儿·露易丝·杭特著@Fke lai er·lu yi si·hang te zhu@g修那·伍德摄@g李怡萍译@Gli yi ping yi |
| 210 | @a北京@c中国画报出版社@d2007.03 | |
| 215 | @a136页@c图@d21cm | |
| 330 | @a本书提供了很多秒招,帮助读者打造一个满室馨香的家。你可以从书中获得许多实用的方法,让甜蜜的家在一年四季中,配合你不同的心境。 | |
| 517 | 1 | @a打造天然家居香氛@Ada zao tian ran jia ju xiang fen |
| 606 | 0 | @a住宅@Azhu zhai@x气味@x关系@x健康 |
| 690 | @aTS976.4@v4 | |
| 701 | 1 | @a杭特@Ahang te@g(Hunt, C. L.)@4著 |
| 702 | 1 | @a伍德@Awu de@g(Wood, S.)@4摄 |
| 702 | 0 | @a李怡萍@Ali yi ping@4译 |
| 801 | 0 | @aCN@c20070920 |
| 905 | @dTS976.4@eH123 | |
| 闻出健康:打造天然家居香氛/克莱儿·露易丝·杭特著/修那·伍德摄/李怡萍译.-北京:中国画报出版社,2007.03 |
| 136页:图;21cm |
| ISBN 978-7-80220-123-1:CNY27.00 |
| 本书提供了很多秒招,帮助读者打造一个满室馨香的家。你可以从书中获得许多实用的方法,让甜蜜的家在一年四季中,配合你不同的心境。 |
| ● |
| 相关链接 |
|
|
|
正题名:闻出健康
索取号:TS976.4/H123
 
预约/预借
| 序号 | 登录号 | 条形码 | 馆藏地/架位号 | 状态 | 备注 |
| 1 | 260233 | 202602335 | 自科二线504/501自科库 47排1列2层/ [索取号:TS976.4/H123] | 在馆 | |
| 2 | 260234 | 202602344 | 自科库501/501自科库 47排1列2层/ [索取号:TS976.4/H123] | 在馆 | |
| 3 | 260235 | 202602353 | 自科库501/501自科库 47排1列2层/ [索取号:TS976.4/H123] | 在馆 |